| 000 -ლიდერი |
| ფიქსირებული სიგრძის საკონტროლო ველი |
01629nam a22002417a 4500 |
| 003 - საკონტროლო ნომრის იდენტიფიკატორი |
| საკონტროლო ველი |
Ge_BSU |
| 005 - ბოლო ოპერაციის თარიღი და დრო |
| საკონტროლო ველი |
20230627155008.0 |
| 008 - ფიქსირებული სიგრძის მონაცემთა ელემენტები - ზოგადი ინფორმაცია |
| ფიქსირებული სიგრძის საკონტროლო ველი |
230627s2010 ge ||||| |||| 00| 0 geo d |
| 020 ## - წიგნის საერთაშორისო სტანდარტული ნომერი |
| International Standard Book Number |
9789941022944 |
| 041 ## - ენის კოდი |
| Language code of text/sound track or separate title |
geo |
| 080 ## - უნივერსალური ათობითი კლასიფიკაციის ინდექსი |
| Universal Decimal Classification number |
666.5(430) ა-96 |
| 100 ## - მთავარი ჩანაწერი - პიროვნების სახელი |
| Personal name |
ახალკაცი, ნოდარ |
| 9 (RLIN) |
5480 |
| 245 ## - ცნობა სათაურის შესახებ |
| Title |
მეისენის ფაიფური : |
| Remainder of title |
[ისტორია, ტექნოლოგია, დამღები, რჩევები ფაიფურის მოყვარულებს] / |
| Statement of responsibility, etc |
ნ. ახალკაცი ; [რედ. ელდარ ნადირაძე ; მხატვ. გაფორმება ავტ. ; ფოტო: გურამ ბუმბიაშვილი, ნოდარ ახალკაცი ; საქ. ეროვნ. მუზეუმი]. |
| 264 ## - წარმოების, გამოცემის, დისტრიბუციის და სხვა ცნობები |
| გამოცემის, წარმოების, დისტრიბუციის... ადგილი |
თბილისი : |
| გამოცემის, წარმოების, დისტრიბუციის... სახელწოდება |
"ფაუნტეინ ჯორჯია", |
| გამოცემის, წარმოების, დისტრიბუციის... თარიღი |
2010. |
| 300 ## - ფიზიკური აღწერა |
| Extent |
111გვ. : |
| Other physical details |
ილ. ; |
| Dimensions |
24სმ. |
| 500 ## - ზოგადი შენიშვნა |
| General note |
ყდა: "ახალგაზრდა პატარძალი". ესკიზის ავტ. მ.ვ. ასიე. 1780 წ.. "დღე და ღამე". მე-19 ს. |
| 504 ## - BIBLIOGRAPHY, ETC. NOTE |
| Bibliography, etc |
ბიბლიოგრ.: გვ. 100. |
| 653 ## - INDEX TERM--UNCONTROLLED |
| Uncontrolled term |
ფაიფურის წარმოება გერმანიაში |
| 700 ## - ADDED ENTRY--PERSONAL NAME |
| Personal name |
ნადირაძე, ელდარ |
| Relator term |
რედაქტორი |
| 9 (RLIN) |
19007 |
| 700 ## - ADDED ENTRY--PERSONAL NAME |
| Personal name |
ბუმბიაშვილი, გურამ |
| Relator term |
ფოტო |
| 9 (RLIN) |
19008 |
| 700 ## - ADDED ENTRY--PERSONAL NAME |
| Personal name |
ახალკაცი, ნოდარ |
| Relator term |
ფოტო |
| 9 (RLIN) |
5480 |
| 942 ## - ADDED ENTRY ELEMENTS (KOHA) |
| Source of classification or shelving scheme |
|
| Koha item type |
წიგნი |